<?xml version="1.0" encoding="UTF-8"?>
<record
    xmlns:xsi="http://www.w3.org/2001/XMLSchema-instance"
    xsi:schemaLocation="http://www.loc.gov/MARC21/slim http://www.loc.gov/standards/marcxml/schema/MARC21slim.xsd"
    xmlns="http://www.loc.gov/MARC21/slim">

  <leader>01071cam a22003011  4500</leader>
  <controlfield tag="001">sa 68000313 </controlfield>
  <controlfield tag="003">DLC</controlfield>
  <controlfield tag="005">20260227112422.0</controlfield>
  <controlfield tag="008">900207s1964    ii       b    000 0 sano </controlfield>
  <datafield tag="010" ind1=" " ind2=" ">
    <subfield code="a">sa 68000313 </subfield>
  </datafield>
  <datafield tag="035" ind1=" " ind2=" ">
    <subfield code="a">(OCoLC)21015070</subfield>
  </datafield>
  <datafield tag="040" ind1=" " ind2=" ">
    <subfield code="a">DLC</subfield>
    <subfield code="c">WaU</subfield>
    <subfield code="d">DLC</subfield>
  </datafield>
  <datafield tag="041" ind1="0" ind2=" ">
    <subfield code="a">sanhin</subfield>
  </datafield>
  <datafield tag="042" ind1=" " ind2=" ">
    <subfield code="a">premarc</subfield>
  </datafield>
  <datafield tag="050" ind1="0" ind2="0">
    <subfield code="a">PK519</subfield>
    <subfield code="b">.V35</subfield>
  </datafield>
  <datafield tag="100" ind1="0" ind2=" ">
    <subfield code="a">Varadar&#x101;ja,</subfield>
    <subfield code="d">active 17th century.</subfield>
  </datafield>
  <datafield tag="245" ind1="1" ind2="0">
    <subfield code="a">Madhyasiddh&#x101;ntakaumud&#x12B;.</subfield>
  </datafield>
  <datafield tag="260" ind1=" " ind2=" ">
    <subfield code="c">1964.</subfield>
  </datafield>
  <datafield tag="300" ind1=" " ind2=" ">
    <subfield code="a">34, 784 p.</subfield>
    <subfield code="c">19 cm.</subfield>
  </datafield>
  <datafield tag="500" ind1=" " ind2=" ">
    <subfield code="a">In Sanskrit; commentary in Hindi and Sanskrit; introductory matter in Hindi.</subfield>
  </datafield>
  <datafield tag="500" ind1=" " ind2=" ">
    <subfield code="a">The Madhyasiddh&#x101;ntakaumud&#x12B; by Varadar&#x101;j&#x101; is an abridgement of and based on the Siddh&#x101;ntakaumud&#x12B; by Bha&#x1E6D;&#x1E6D;oj&#x12B; D&#x12B;k&#x1E63;ita, which is in turn a commentary on P&#x101;&#x1E47;ini's A&#x1E63;&#x1E6D;&#x101;dhy&#x101;yi.</subfield>
  </datafield>
  <datafield tag="504" ind1=" " ind2=" ">
    <subfield code="a">Bibliographical footnotes.</subfield>
  </datafield>
  <datafield tag="650" ind1=" " ind2="0">
    <subfield code="a">Sanskrit language</subfield>
    <subfield code="x">Grammar.</subfield>
  </datafield>
  <datafield tag="700" ind1="0" ind2=" ">
    <subfield code="a">Vishwa Nath,</subfield>
    <subfield code="d">1902-</subfield>
  </datafield>
  <datafield tag="700" ind1="0" ind2=" ">
    <subfield code="a">Nigamanand,</subfield>
    <subfield code="c">Swami,</subfield>
    <subfield code="d">1915-</subfield>
  </datafield>
  <datafield tag="700" ind1="0" ind2=" ">
    <subfield code="a">Bha&#x1E6D;&#x1E6D;oj&#x12B; D&#x12B;k&#x1E63;ita.</subfield>
    <subfield code="t">Siddh&#x101;ntakaumud&#x12B;.</subfield>
  </datafield>
  <datafield tag="700" ind1="0" ind2=" ">
    <subfield code="a">Pa&#x1E47;ini.</subfield>
    <subfield code="t">A&#x1E63;&#x1E6D;&#x101;dhy&#x101;yi.</subfield>
  </datafield>
  <datafield tag="999" ind1=" " ind2=" ">
    <subfield code="c">77116</subfield>
    <subfield code="d">77116</subfield>
  </datafield>
</record>
